South Wind

में बचाया:
ग्रंथसूची विवरण
मुख्य लेखक: Douglas, Norman
स्वरूप: पुस्तक
भाषा:अंग्रेज़ी
प्रकाशित: Harmondsworth Penguin Books 1962
श्रृंखला:Penguin Modern Classics
टैग: टैग जोड़ें
कोई टैग नहीं, इस रिकॉर्ड को टैग करने वाले पहले व्यक्ति बनें!

MARC

LEADER 00000nam a2200000 4500
001 CDOM0000004383
003 mi
005 20251016120046.0
008 251016b |||||||| |||| 00| 0 eng d
040 |c mi 
100 |a Douglas, Norman 
245 1 |a South Wind  |c Norman Douglas 
260 |a Harmondsworth  |b Penguin Books  |c 1962 
300 |a 315 p.  |c 18 cm. 
490 |a Penguin Modern Classics 
942 |2 ddc  |c BK 
952 |0 0  |1 0  |2 ddc  |4 0  |6 B_LNR02DOUNOSOU11  |7 0  |9 7345  |a MI  |b MI  |d 2010-03-29  |i 914  |l 0  |o B-LNR02-DOUNO-SOU11  |p CDOM914  |r 2025-07-13 16:28:00  |w 2025-07-13  |x ACQUISTO  |y BK 
999 |c 6046  |d 6046